Konverzačná príručka angličtiny

Saved in:
Bibliographic Details
Corporate Author: Vysoká škola ekonomická v Bratislave. Obchodná fakulta
Format: Book
Language:Slovak
Published: Bratislava VŠE 1988
Edition:2. vyd.
Tags: Add Tag
No Tags, Be the first to tag this record!

MARC

LEADER 00000nam a2200000 4500
001 c025281
005 20221219091732.5
041 0 |a slo 
044 |a SK 
245 1 0 |a Konverzačná príručka angličtiny 
250 |a 2. vyd. 
264 1 |a Bratislava  |b VŠE  |c 1988 
300 |a 87 s. 
710 2 |a Vysoká škola ekonomická v Bratislave. Obchodná fakulta